Clubs de La Liga (2020-2021) - Statistiques

Statistiques générales
  • Ce quiz a été pris 154 fois
  • Le résultat moyen est 13 sur 20
Statistiques - réponses
% Correct
La Liga Real Madrid
99%
La Liga FC Barcelone
98%
La Liga Atletico Madrid
97%
La Liga Séville FC
92%
La Liga Real Betis Balompie
86%
La Liga Atheltic Club
85%
La Liga Valence CF
81%
La Liga Villareal CF
78%
La Liga Real Sociedad
74%
La Liga Getafe CF
64%
La Liga Celta Vigo
53%
La Liga Cadiz CF
51%
La Liga Grenade CF
51%
La Liga Levante UD
45%
La Liga Deportivo Alavès
42%
La Liga Real Valladolid
40%
La Liga CA Osasuna
38%
La Liga Elche CF
34%
La Liga SD Eibar
30%
La Liga SD Huesca
24%
Aucun quiz correspondant
Distribution des résultats
% des personnes avec chaque résultat
Percentile par nombre de réponses
Votre historique - résultats
Vous n’avez pas pris ce quiz